000 00370 a2200109 4500
001 ART_9038
005 20260410161834.0
008 260409a
245 1 0 _aSoluciones a los casos planteados de aplicación de la programación lineal
100 1 _aBonatti, Patricia
773 0 _tContabilidad y administración
_g- Año 3, Nº 36 (jun. 1980)
_wREV5485
999 _c23541
_d23541